Statistiques concernant Stations du tramway de Reims sur une carte

Cliquez ici pour prendre le quiz!

Statistiques générales

  • Ce quiz a été pris 113 fois
  • Le résultat moyen est 14 sur 24

Réponses sur la Carte

Les réponses sont colorées sur une échelle allant du rouge au vert en fonction du pourcentage des utilisateurs qui les ont devinées à leur premier essai. Vous pouvez retrouver ces pourcentages ci-dessous.
 

Statistiques - réponses

LigneArrêt% Correct
A/BOpéra - Cathédrale
88%
BGare Champagne TGV
83%
A/BVesle
83%
A/BComédie
82%
A/BGare Centre
82%
A/BNeufchâtel
75%
A/BFranchet d'Esperey
71%
A/BSaint-Thomas
71%
A/BCourlancy
69%
A/BLanglet
68%
AHôpital Debré
62%
A/BCampus Croix-Rouge
60%
A/BSaint-John Perse
57%
A/BBelges
54%
A/BKennedy
51%
A/BDanton - Rauseo
49%
A/BSchneiter
49%
A/BArago
45%
BLéon Blum
38%
BPolyclinique Reims-Bezannes
37%
AMédiathèque Croix-Rouge
34%
A/BJean Macé
32%
A/BGeorges Hébert
29%
A/BDe Fermat
25%

Distribution des résultats

Percentile par nombre de réponses

% des personnes avec chaque résultat

Votre développement - résultats

Vous n’avez pas pris ce quiz